| 000 | 00834cab a2200205 4500 | ||
|---|---|---|---|
| 001 | ##L133893 | ||
| 008 | 060616n2006 000 0 eng u | ||
| 035 | _a(Sirsi) u133893 | ||
| 041 | 0 | _aeng | |
| 100 | 1 | _aChambers, William | |
| 245 | 0 | 0 |
_aAsbestos management _bissues for FMs |
| 260 | _c2006 | ||
| 490 | 0 |
_aFacilities Management _v13(9) June 2006, 22-23(2) |
|
| 520 | _aExamines the enduring threat of asbestos and outlines how businesses can monitor and manage the problem successfully. Looks at the latest position on the proposed relaxation of the Control of Asbestos at Work Regulations 2002. [Taken from journal abstract]. | ||
| 590 | _aKA | ||
| 650 | 2 | 4 | _aCONTROL OF ASBESTOS AT WORK REGULATIONS 2002 |
| 651 | 4 |
_aUnited Kingdom _y |
|
| 690 | _aMANAGEMENT-HEALTH AND SAFETY-HAZARDOUS SUBSTANCES-ASBESTOS | ||
| 942 | _n0 | ||
| 999 |
_c77249 _d77249 |
||